000 00375nam a22001337a 4500
020 _a9780198593713
040 _cNust
082 _a621.823
_bCRO
100 _aRichard M. Crowder
_9126465
245 _aElectric Drives and their controls
260 _aNew York:
_bOxford University press,
_c1995.
650 _aElectric Drives and their controls
_9126466
942 _2ddc
_cBK
999 _c612145
_d612145